Vista normal Vista MARC

Entrada Corporate Name

Número de registros utilizados en: 1

001 - CONTROL NUMBER

  • control field: 2883

003 - CONTROL NUMBER IDENTIFIER

  • control field: OSt

005 - DATE AND TIME OF LATEST TRANSACTION

  • control field: 20200408212452.0

008 - FIXED-LENGTH DATA ELEMENTS

  • fixed length control field: 200408|| aca||aabn | a|a d

040 ## - CATALOGING SOURCE

  • Original cataloging agency: OSt
  • Transcribing agency: OSt

110 ## - HEADING--CORPORATE NAME

  • Corporate name or jurisdiction name as entry element: Colombia.
  • Subordinate unit: Corporación Colectivo de Abogados José Alvear Restrepo

670 ## - SOURCE DATA FOUND

  • Source citation: Work cat.: (OSt)5188: Colombia. Corporación Colectivo de Abogados José Alvear Restrepo, Verdades y mentiras sobre las condenas contra el Estado : , 2013